000 00384nam a2200145Ia 4500
008 231208s9999 xx 000 0 und d
041 _aeng
082 _a658.8/BRA
100 _aBrandon Eley
245 _aThe Art & Science of Online Marketing
250 _a2009 1st Ed.
260 _bShroff Pub. & Distr. Ltd. Mumbai
300 _aPB/556/
650 _aComnputer Program Language
999 _c956166
_d956166